[Event "Los Angeles Metropolitan 11th"]
[Site "Los Angeles"]
[Date "2011.08.26"]
[Round "6"]
[White "Panjwani, Raja"]
[Black "Altounian, Levon"]
[Result "1-0"]
[WhiteElo "2420"]
[BlackElo "2431"]
[PlyCount "80"]
[EventDate "2011.08.23"]
[EventType "tourn"]
[EventRounds "11"]
[EventCountry "USA"]
[EventCategory "10"]
[SourceTitle "EXT 2012"]
[Source "ChessBase"]
[SourceDate "2011.11.24"]
[SourceVersion "1"]
[SourceVersionDate "2011.11.24"]
[SourceQuality "1"]

1. d4 e6 2. c4 f5 3. g3 Nf6 4. Bg2 Bb4+ 5. Nd2 0-0 6. Ngf3 d5 7. 0-0 c6 8. Qc2 Nbd7 9. Ne5 Nxe5 10. dxe5 Ne4 11. a3 Ba5 12. Rd1 Qe7 13. Nf3 Bb6 14. Nd4 Bd7 15. f3 Ng5 16. Bxg5 Qxg5 17. c5 Bc7 18. f4 Qe7 19. b4 g5 20. e3 a5 21. Rab1 axb4 22. axb4 Ra3 23. Ra1 Rfa8 24. Rxa3 Rxa3 25. Qb2 Ra8 26. Ra1 Qf8 27. Ra3 b6 28. Qa2 Rxa3 29. Qxa3 Qb8 30. Nb3 Bc8 31. Bf1 bxc5 32. Nxc5 Bb6 33. Qa4 Qc7 34. Qa8 Kf7 35. Ba6 Bxa6 36. Qh8 Bc8 37. fxg5 Qe7 38. Qxh7+ Ke8 39. g6 Qg5 40. Qf7+ Kd8 1-0

[Event "Los Angeles Metropolitan op 1st"]
[Site "Los Angeles"]
[Date "2011.08.19"]
[Round "5"]
[White "Ruck, Robert"]
[Black "Altounian, Levon"]
[Result "1-0"]
[WhiteElo "2569"]
[BlackElo "2431"]
[PlyCount "97"]
[EventDate "2011.08.17"]
[EventType "swiss"]
[EventRounds "9"]
[EventCountry "USA"]
[SourceTitle "CBM 144 Extra"]
[Source "ChessBase"]
[SourceDate "2011.10.28"]
[SourceVersion "1"]
[SourceVersionDate "2011.10.28"]
[SourceQuality "1"]

1. Nf3 d5 2. d4 c5 3. dxc5 e6 4. e4 Bxc5 5. Nc3 Ne7 6. Bb5+ Nbc6 7. 0-0 0-0 8. Qe2 a6 9. Bxc6 bxc6 10. Rd1 a5 11. Be3 Bb4 12. a3 Bxc3 13. bxc3 Ba6 14. Qe1 Ng6 15. Bc5 Re8 16. e5 Nh4 17. Qe3 Nf5 18. Qd2 Rb8 19. a4 f6 20. Re1 Rb7 21. Nd4 fxe5 22. Rxe5 Nd6 23. Bxd6 Qxd6 24. Rae1 c5 25. Nb3 Rd7 26. Qe3 d4 27. Qd2 dxc3 28. Qxc3 Bb7 29. Nxc5 Rc7 30. Nxb7 Rxb7 31. Qxa5 Qc6 32. Rc5 Qd7 33. h3 Rf8 34. Rce5 Ra7 35. Qb6 Qxa4 36. Qxe6+ Kh8 37. Qe8 Qa3 38. Qxf8+ Qxf8 39. Re8 Kg8 40. Kf1 Rc7 41. Rxf8+ Kxf8 42. Re2 Kf7 43. Ke1 Rd7 44. Re3 g5 45. Ke2 h5 46. g4 h4 47. Rf3+ Ke6 48. Rf5 Rc7 49. Kd3 1-0

[Event "Los Angeles Metropolitan op 1st"]
[Site "Los Angeles"]
[Date "2011.08.18"]
[Round "3"]
[White "Akobian, Varuzhan"]
[Black "Altounian, Levon"]
[Result "1-0"]
[WhiteElo "2613"]
[BlackElo "2431"]
[PlyCount "65"]
[EventDate "2011.08.17"]
[EventType "swiss"]
[EventRounds "9"]
[EventCountry "USA"]
[SourceTitle "CBM 144 Extra"]
[Source "ChessBase"]
[SourceDate "2011.10.28"]
[SourceVersion "1"]
[SourceVersionDate "2011.10.28"]
[SourceQuality "1"]

1. d4 d5 2. c4 dxc4 3. e4 c5 4. d5 e6 5. Bxc4 Nf6 6. Nc3 exd5 7. exd5 Bd6 8. Qe2+ Be7 9. d6 Qxd6 10. Nb5 Qd8 11. Bf4 0-0 12. Rd1 Bd7 13. Nc7 Nc6 14. Nxa8 Qxa8 15. Nf3 Bg4 16. 0-0 Re8 17. h3 Bh5 18. Qd3 Nd4 19. Nxd4 Bxd1 20. Ne6 fxe6 21. Bxe6+ Kh8 22. Qxd1 b6 23. Re1 Bf8 24. Re3 Qc6 25. Bf5 Rxe3 26. Bxe3 Qd5 27. Qxd5 Nxd5 28. Bd2 Nb4 29. a3 Nc6 30. Kf1 Be7 31. Be4 Nd8 32. Bd5 Bf6 33. b4 1-0

[Event "Los Angeles Metropolitan op 1st"]
[Site "Los Angeles"]
[Date "2011.08.17"]
[Round "1"]
[White "Altounian, Levon"]
[Black "Zepeda, Lorena"]
[Result "1-0"]
[WhiteElo "2431"]
[BlackElo "2187"]
[PlyCount "119"]
[EventDate "2011.08.17"]
[EventType "swiss"]
[EventRounds "9"]
[EventCountry "USA"]
[SourceTitle "CBM 144 Extra"]
[Source "ChessBase"]
[SourceDate "2011.10.28"]
[SourceVersion "1"]
[SourceVersionDate "2011.10.28"]
[SourceQuality "1"]

1. Nf3 Nf6 2. c4 g6 3. Nc3 Bg7 4. d4 0-0 5. Bf4 d6 6. e3 Nbd7 7. Be2 c5 8. h3 a6 9. 0-0 h6 10. Qd2 Kh7 11. a4 b6 12. d5 a5 13. e4 Ne8 14. Bd3 Ne5 15. Nxe5 dxe5 16. Be3 Nd6 17. f4 f6 18. f5 Bd7 19. fxg6+ Kxg6 20. Ne2 Kh7 21. g4 h5 22. Ng3 hxg4 23. hxg4 Bxg4 24. Qh2+ Kg8 25. Nf5 Bxf5 26. exf5 Rf7 27. Rf2 Kf8 28. Be2 Ke8 29. Bh5 Kd7 30. Bxf7 Nxf7 31. Rg2 Ng5 32. Bxg5 fxg5 33. Rxg5 Bf6 34. Rg6 Qh8 35. Re1 Qxh2+ 36. Kxh2 Rh8+ 37. Kg2 Rh5 38. Re4 Rxf5 39. b3 Kd6 40. Rg3 Rh5 41. Reg4 Rf5 42. Rf3 Rh5 43. Rh3 Rf5 44. Rh1 Kc7 45. Rf1 Rh5 46. Rg6 Rh4 47. Rgxf6 exf6 48. Rxf6 Rd4 49. Rf7+ Kc8 50. Kf3 Rh4 51. Re7 Kd8 52. Rb7 Rh3+ 53. Ke4 Rxb3 54. d6 Kc8 55. Rh7 Rg3 56. Kd5 Rg8 57. Kc6 e4 58. Rc7+ Kb8 59. Rb7+ Ka8 60. Re7 1-0

[Event "ICC op final 1st"]
[Site "ICC INT"]
[Date "2011.06.05"]
[Round "1.1"]
[White "Altounian, Levon"]
[Black "Nakamura, Hikaru"]
[Result "0-1"]
[WhiteElo "2428"]
[BlackElo "2774"]
[PlyCount "148"]
[EventDate "2011.06.05"]
[EventType "k.o. (blitz)"]
[EventRounds "3"]
[EventCountry "USA"]
[SourceTitle "CBM 142 Extra"]
[Source "ChessBase"]
[SourceDate "2011.06.27"]
[SourceVersion "1"]
[SourceVersionDate "2011.06.27"]
[SourceQuality "1"]

1. e4 c5 2. c3 d5 3. exd5 Qxd5 4. d4 Nf6 5. Nf3 Bg4 6. Be2 e6 7. h3 Bh5 8. 0-0 cxd4 9. cxd4 Bb4 10. a3 Ba5 11. b4 Bc7 12. Nc3 Qd8 13. Bg5 Nbd7 14. d5 0-0 15. dxe6 fxe6 16. Nd4 Bf7 17. Bc4 Re8 18. Re1 Ne5 19. Bb5 Re7 20. Ne4 Bb6 21. Nxf6+ gxf6 22. Bxf6 Bxd4 23. Bxe7 Qb6 24. Bc5 Bxc5 25. bxc5 Qxc5 26. Qe2 Ng6 27. Rac1 Qxa3 28. Rc7 Rb8 29. Bc4 Qd6 30. Rxf7 Kxf7 31. Qf3+ Kg7 32. Rxe6 Qb4 33. Rxg6+ hxg6 34. Qf7+ Kh6 35. Qf4+ g5 36. Qf6+ Kh7 37. Bd3+ Kg8 38. Qe6+ Kf8 39. Qf6+ Kg8 40. Qxg5+ Kf7 41. Qg6+ Ke7 42. Qg7+ Ke6 43. Qg6+ Kd7 44. Bf5+ Kc7 45. Qf7+ Kb6 46. Qe6+ Kc7 47. Qf7+ Kc6 48. Qe6+ Qd6 49. Qc4+ Kb6 50. Qb3+ Kc6 51. Qc4+ Qc5 52. Qe6+ Kc7 53. Qf7+ Kb6 54. Qb3+ Qb5 55. Qe6+ Ka5 56. Qa2+ Qa4 57. Qd5+ b5 58. Qc5 Rb6 59. g4 Qb4 60. Qc7 a6 61. h4 Qe1+ 62. Kg2 b4 63. Qc5+ Rb5 64. Qc7+ Ka4 65. Bd7 Qe4+ 66. Kg3 b3 67. Bxb5+ Kxb5 68. Qb8+ Ka4 69. Qa7 Qd3+ 70. f3 b2 71. Qb6 b1Q 72. Qc6+ Qbb5 73. Qf6 Qd6+ 74. Qf4+ Qbb4 0-1

[Event "Lubbock SPICE Cup Spring"]
[Site "Lubbock"]
[Date "2011.03.12"]
[Round "2"]
[White "Kleiman, Jake"]
[Black "Altounian, Levon"]
[Result "0-1"]
[WhiteElo "2413"]
[BlackElo "2432"]
[PlyCount "60"]
[EventDate "2011.03.12"]
[EventType "tourn"]
[EventRounds "9"]
[EventCountry "USA"]
[EventCategory "8"]
[SourceTitle "CBM 141 Extra"]
[Source "ChessBase"]
[SourceDate "2011.05.03"]
[SourceVersion "1"]
[SourceVersionDate "2011.05.03"]
[SourceQuality "1"]

1. e4 e6 2. d4 d5 3. Nd2 Nf6 4. e5 Nfd7 5. Bd3 c5 6. c3 Nc6 7. Ne2 cxd4 8. cxd4 Nb6 9. 0-0 Bd7 10. f4 g6 11. a3 a5 12. Nf3 a4 13. Nc3 Na5 14. g4 Nb3 15. Rb1 Nc4 16. f5 gxf5 17. gxf5 Qb6 18. Kh1 h6 19. fxe6 fxe6 20. Bg6+ Kd8 21. Bf4 Rc8 22. Qd3 Qa6 23. Bf7 Nxa3 24. Qg6 Nxb1 25. Rxb1 Be7 26. Nxd5 Qc6 27. Nxe7 Qxf3+ 28. Kg1 Nxd4 29. Re1 Qxf4 30. Nxc8 Nf3+ 0-1

[Event "USA tt qf"]
[Site "ICC INT"]
[Date "2010.11.03"]
[Round "1"]
[White "Altounian, Levon"]
[Black "Akobian, Varuzhan"]
[Result "1/2-1/2"]
[WhiteElo "2432"]
[BlackElo "2618"]
[PlyCount "71"]
[EventDate "2010.11.01"]
[EventType "team-match"]
[EventRounds "1"]
[EventCountry "USA"]
[SourceTitle "EXT 2011"]
[Source "ChessBase"]
[SourceDate "2010.11.26"]
[SourceVersion "1"]
[SourceVersionDate "2010.11.26"]
[SourceQuality "1"]
[WhiteTeam "Arizona"]
[BlackTeam "Seattle"]
[WhiteTeamCountry "USA"]
[BlackTeamCountry "USA"]

1. e4 c5 2. c3 Nf6 3. e5 Nd5 4. Nf3 Nc6 5. d4 cxd4 6. cxd4 d6 7. Bc4 e6 8. 0-0 Be7 9. exd6 Qxd6 10. Nc3 0-0 11. Re1 Rd8 12. Bb3 a6 13. Nxd5 exd5 14. Ne5 Nxe5 15. dxe5 Qb6 16. Qd3 Be6 17. Qg3 d4 18. Bh6 Bf8 19. Bg5 Rd7 20. Rad1 Bxb3 21. axb3 Re8 22. Rd3 f6 23. Bd2 Rde7 24. f4 fxe5 25. fxe5 Re6 26. h3 Qc5 27. Bf4 Qd5 28. Rf3 Bd6 29. Qg4 Bxe5 30. Bxe5 Rxe5 31. Rxe5 Qxe5 32. Qd7 Qe1+ 33. Kh2 Qe5+ 34. Kg1 Qe1+ 35. Kh2 Qe5+ 36. Kg1 1/2-1/2